000 00342nam a2200133Ia 4500
008 240624s9999 xx 000 0 und d
041 _aeng
082 _a342.954 JAI
100 _aJAIN SUBHASH C
245 _aCONSTITUTIONAL OF INDIA SELECT ISSUES AN
260 _c2000
_aNew Delhi
_bTaxmann
300 _a516 : p. : cm. ; 25
365 _cRS
_b20
999 _c5659
_d5659